Manuscritos : economía y filosofía /
Obra que reúne los tres manuscritos redactados por Marx (1818-1883) en 1844, los cuales fueron publicados por primera vez en 1932. Su publicación ha permitido reconstruir una etapa específica de su proceso intelectual porque en ellos plantea sus conceptos claves de economía y su manera de entender l...
I tiakina i:
| Kaituhi matua: | |
|---|---|
| Hōputu: | Pukapuka |
| Reo: | Pāniora |
| I whakaputaina: |
Madrid, España :
Alianza,
1974, c1974
|
| Putanga: | 5a edición |
| Rangatū: | (El Libro de Bolsillo ; Clásicos)
119. |
| Ngā marau: | |
| Ngā Tūtohu: |
Kāore He Tūtohu, Me noho koe te mea tuatahi ki te tūtohu i tēnei pūkete!
|
MARC
| LEADER | 00000nam^a2200000^a^4500 | ||
|---|---|---|---|
| 001 | 000182885 | ||
| 005 | 20250521000000.0 | ||
| 009 | 20260310102021.008 | ||
| 020 | |a 84-206-1119-0 | ||
| 037 | |a Acervo ITESO - Biblioteca | ||
| 041 | |a ESP | ||
| 082 | |a 330. 159 |b MAR | ||
| 100 | |a Marx, Karl |e (autor) | ||
| 240 | 1 | 1 | |a [Manuscritos económico-filosóficos de 1844] |
| 245 | 1 | 0 | |a Manuscritos : |b economía y filosofía / |c K. Marx; tr. e introd. de Francisco Rubio Llorente. |
| 250 | |a 5a edición | ||
| 264 | 4 | |a Madrid, España : |b Alianza, |c 1974, c1974 | |
| 300 | |a 253 p. | ||
| 336 | |a texto |b txt |2 rdacontenido | ||
| 337 | |a sin mediación |b n |2 rdamedio | ||
| 338 | |a volumen |b nc |2 rdasoporte | ||
| 440 | 3 | |a (El Libro de Bolsillo ; |v 119. |p Clásicos) | |
| 520 | |a Obra que reúne los tres manuscritos redactados por Marx (1818-1883) en 1844, los cuales fueron publicados por primera vez en 1932. Su publicación ha permitido reconstruir una etapa específica de su proceso intelectual porque en ellos plantea sus conceptos claves de economía y su manera de entender la filosofía, y que después los desarrolla con mayor amplitud en El capital, cuyo primer libro lo concluyó en 1866. | ||
| 649 | |a XX | ||
| 650 | |a Sueldos y Salarios | ||
| 650 | |a Empleo y Desempleo | ||
| 650 | |a Alienación | ||
| 650 | |a División del Trabajo | ||
| 650 | |a Dinero | ||
| 650 | |a Plusvalía | ||
| 650 | |a Capital | ||
| 650 | |a Renta | ||
| 650 | |a Tenencia de la Tierra | ||
| 650 | |a Propiedad Privada | ||
| 650 | |a Economía Política | ||
| 650 | |a Materialismo Histórico y Dialéctico | ||
| 650 | |a Materialismo Histórico y Dialéctico | ||
| 650 | |a Marxismo - |x Tema Principal | ||
| 650 | |a Filosofía del Siglo XX | ||
| 650 | |a Economía | ||
| 910 | |a Fondo Armando Suárez Gómez | ||
| 920 | |a Impresos - Libros | ||
| 930 | |a Fondos Especiales | ||
| 905 | |a 111 | ||
| 901 | |a 0700001093 |b IT2 |c ESP |u 20250521 | ||
| 902 | |a https://opac.biblio.iteso.mx/vufind/Record/000182885 | ||